TV Shows by Main Characters II Quiz Stats

Quiz Updated Feb 23, 2016

Challenge
Share
Tweet
Embed
Score 0/65 Timer 12:00
0 Plays Today
Characters Show % Correct
George Costanza, Cosmo Kramer, Elaine BenesSeinfeld
79.8%
James T. Kirk, Nyota Uhura, Leonard McCoyStar Trek
77.3%
Joe Swanson, Glenn Quagmire, Peter GriffinFamily Guy
74.8%
Zack Morris, Samuel 'Screech' Powers, A.C. SlaterSaved By the Bell
73.8%
Fox Mulder, Dana Scully, Walter SkinnerThe X-Files
71.5%
Stan Marsh, Eric Cartman, Kyle BroflovskiSouth Park
69.6%
Daphne Moon, Niles Crane, Roz DoyleFrasier
68%
Michael Kelso, Jackie Burkhart, Eric FormanThat '70s Show
67.1%
Carl Winslow, Steve Urkel, Rachel CrawfordFamily Matters
64.8%
Leonard Hofstadter, Howard Wolowitz, Sheldon CooperThe Big Bang Theory
61.7%
Jack Donaghy, Liz Lemon, Tracy Jordan30 Rock
61%
Cliff Barnes, J.R. Ewing, Ray KrebbsDallas
57.1%
Barney Fife, Gomer Pyle, Andy TaylorThe Andy Griffith Show
55.5%
Paul Pfeiffer, Winnie Cooper, Kevin ArnoldThe Wonder Years
55.2%
Karen Walker, Will Truman, Jack McFarlandWill & Grace
53.7%
Kate Austen, John Locke, Jack ShephardLost
51%
Dylan McKay, Brandon Walsh, Kelly TaylorBeverly Hills 90210
48.5%
Cristina Yang, Alex Karev, Izzie StevensGrey's Anatomy
47%
Lisa Cuddy, Robert Chase, James WilsonHouse M.D.
46.8%
Ari Gold, Eric Murphy, Vincent ChaseEntourage
46%
David Healy, Darlene Conner, Jackie HarrisRoseanne
44.2%
Horatio Caine, Eric Delko, Calleigh DuquesneCSI: Miami
43.6%
Lindsay F√ľnke, Michael Bluth, Barry ZuckerkornArrested Development
42.6%
Freddie 'Boom Boom' Washington, Vinnie Barbarino, Arnold HorshackWelcome Back, Kotter
42.6%
John Zoidberg, Phillip J. Fry, Turanga LeelaFuturama
41.9%
Mark Greene, Doug Ross, Carol HathawayER
40.7%
Joey Potter, Jen Lindley, Pacey WitterDawson's Creek
40.7%
Louie De Palma, Alex Rieger, Latka GravasTaxi
40.4%
Dan Fielding, Harry T. Stone, Nostradamus 'Bull' ShannonNight Court
38.9%
Claire Dunphy, Jay Pritchett, Cameron TuckerModern Family
38.9%
Andy Sipowicz, Greg Medavoy, Arthur FancyNYPD Blue
37.3%
Paige Matthews, Piper Halliwell, Leo WyattCharmed
36.3%
Mary Jo Shively, Julia Sugarbaker, Anthony BouvierDesigning Women
34.6%
Characters Show % Correct
Abby Sciuto, Leroy Jethro Gibbs, Tony DiNozzoNCIS: Naval Criminal Investigative Service
33.3%
Sydney Bristow, Arvin Sloane, Michael VaughnAlias
32.9%
Leslie Knope, Tom Haverford, Ron SwansonParks and Recreation
32.5%
Sandy Cohen, Ryan Atwood, Marissa CooperThe O.C.
30.4%
Leo McGarry, Josiah 'Jed' Bartlet, Josh LymanThe West Wing
30%
Dennis Finch, Maya Gallo, Nina Van HornJust Shoot Me!
29.8%
Frank Fontana, Corky Sherwood, Miles SilverbergMurphy Brown
28.8%
Rob Petrie, Sally Rogers, Maurice 'Buddy' SorrellThe Dick Van Dyke Show
28.6%
Joe Hackett, Lowell Mather, Helen ChappellWings
26.9%
Frylock, Master Shake, MeatwadAqua Teen Hunger Force
24.9%
Sookie St. James, Luke Danes, Michel GerardGilmore Girls
24%
Shawn Spencer, Burton 'Gus' Guster, Juliet O'HaraPsych
22.7%
Dennis Reynolds, Mac, Charlie KellyIt's Always Sunny In Philadelphia
22.1%
Gaius Baltar, William Adama, Kara 'Starbuck' ThraceBattlestar Galactica
20.8%
Joy Turner, Randy Hickey, Catalina ArucaMy Name Is Earl
20.1%
Bobby Singer, Dean Winchester, CastielSupernatural
19.8%
Vince Masuka, Rita Bennett, Angel BatistaDexter
19.2%
Nancy Botwin, Celia Hodes, Doug WilsonWeeds
19%
April Buchanon, Kenny Powers, Stevie JanowskiEastbound & Down
18.9%
Lewis Kinski, Nigel Wick, Oswald Lee HarveyThe Drew Carey Show
18.9%
Martha Rodgers, Kate Beckett, Javier EspositoCastle
18%
Cedric Daniels, Jimmy McNulty, Omar LittleThe Wire
17.7%
Jimmy Darmody, Nelson Van Alden, Enoch 'Nucky' ThompsonBoardwalk Empire
17.5%
Ellie Bartowski, John Casey, Sarah WalkerChuck
17.1%
Paul Lassiter, Mike Flaherty, Carter HeywoodSpin City
15%
Jordan Catalano, Rayanne Graff, Angela ChaseMy So-Called Life
14.9%
Stefan Salvatore, Elena Gilbert, Bonnie BennettThe Vampire Diaries
14%
Charlotte 'Chuck' Charles, Emerson Cod, Olive SnookPushing Daisies
12.6%
Wesley Wyndam-Pryce, Charles Gunn, Winifred BurkleAngel
12.5%
Kira Nerys, Jadzia Dax, Benjamin SiskoStar Trek: Deep Space Nine
12.2%
Duke Phillips, Doris Grossman, Jay ShermanThe Critic
9%
Topher Brink, Echo, Paul BallardDollhouse
8.6%

You're not logged in!

Compare scores with friends on all Sporcle quizzes.
Sign Up with Email
OR
Log In

You Might Also Like...

Show Comments

Extras

Top Quizzes Today


Score Distribution

Your Account Isn't Verified!

In order to create a playlist on Sporcle, you need to verify the email address you used during registration. Go to your Sporcle Settings to finish the process.